Epílogo de la guerra fiscal del banano /

Tallennettuna:
Bibliografiset tiedot
Päätekijä: Manfredo, Fernando
Aineistotyyppi: Teksti
Kieli:Spanish
Julkaistu: Panamá :
Aiheet:
Tagit: Lisää tagi
Ei tageja, Lisää ensimmäinen tagi!

MARC

LEADER 00000 a a2200000 04500
001 14180
003 cru CIDCACS/IIS
005 20190423104204.0
008 190423b1976 pn ||||| |||| 00| 0 spa d
999 |c 12451  |d 12451 
020 |a [sin ISBN]  
022 |a [sin ISBN]  
040 |c cru CIDCACS/IIS 
090 |a 07.01.03 M276e 
100 |a Manfredo, Fernando  
245 |a Epílogo de la guerra fiscal del banano /   |c Fernando Manfredo  
260 |a Panamá :  
300 |a 44 páginas  
500 |a Fotocopia  
650 |a BANANO/EVASION TRIBUTARIA/CENTROAMERICA/PANAMA/MERCADOS AGRICOLAS/PRECIOS AGRICOLAS  
942 |2 ddc  |c LI